La moneda del Crédito Público (Registro nro. 25401)

Detalles MARC
000 -LEADER
fixed length control field 00316 a2200109 4500
001 - CONTROL NUMBER
control field ART_11251
005 - DATE AND TIME OF LATEST TRANSACTION
control field 20260410161855.0
008 - FIXED-LENGTH DATA ELEMENTS--GENERAL INFORMATION
fixed length control field 260409a
100 1# - MAIN ENTRY--PERSONAL NAME
Personal name Fragueiro, Mariano
245 10 - TITLE STATEMENT
Title La moneda del Crédito Público
773 0# - HOST ITEM ENTRY
Title Revista de Economía
Related parts - Nº 23 (ene./dic. 1972)
Record control number REV11077

No hay ítems disponibles.